00393nam a2200121Ia 4500008004100000020002200041041000800063082002300071100002200094245010000116260004600216300000900262230411s9999 xx 000 0 und d a978-81-7708-200-5 aeng aN/361.8/PAN/B06370 aPandya Rameshwari aHealth Family Planning and Nutrition in India : First five year plan to eleventh five year plan bNew Century PublicationsaNew Delhic2009 a547p